000 01085nam a22003617a 4500
001 BR7401094
003 BR-BrBNA
005 20230928084547.0
007 ta
008 230509b bl.||||| |||| 00| 0 por d
040 _aBR-BrBNA
_bpor
_cBiblioteca Nacional de Agricultura
041 _a(Por)
072 _aE70; E10
_b0430
_b0332
_b0331
_b0120
_b0336
_b0170
_b/G514
090 _ 0430 BR7401094
110 1 _aSecretaria da Agricultura do Estado de Minas Gerais, Belo Horizonte (Brasil);
_98221
110 1 _aConselho Estadual de Desenvolvimento, Belo Horizonte, MG (Brasil)
_92623
245 1 _aPrograma de fomento a producao agropecuaria para exportacao 1973 [Minas Gerais; Brasil]
260 3 _aBelo Horizonte, MG (Brasil):
_c1973.
300 _a74 p.
650 _aMINAS GERAIS
650 _aEXPORTACAO
650 _aALGODAO
650 _aAMENDOIM
650 _aMAMONA
650 _aMILHO
650 _aSOJA
650 _aSORGO
650 _aOFERTA
650 _aDEMANDA
650 _aPOLITICA COMERCIAL
909 _a202309
_bLucia
_c55
_dLucia Elande
942 _cBK
999 _c19751
_d19751